| 000 | 00535nam a22002177a 4500 | ||
|---|---|---|---|
| 005 | 20250130142906.0 | ||
| 008 | 220315b2003 xxu||||| |||| 00| 0 spa d | ||
| 020 | _a8420540412 | ||
| 041 | _aESP | ||
| 082 | _aR 371.260.3 C352v | ||
| 100 | _aCastillo Arredondo, Santiago | ||
| 245 | _aVocabulario de evaluación educativa | ||
| 260 | _aEspaña | ||
| 260 | _bPearson Educación | ||
| 260 | _c2003 | ||
| 300 | _a295 páginas | ||
| 650 | _aDIDÁCTICA | ||
| 650 | _aMETODOLOGÍA | ||
| 650 | _aDICCIONARIOS | ||
| 942 |
_cREF _2ddc |
||
| 999 |
_c13252 _d13252 |
||